|
|
|
|
| LEADER |
00000nab a2200000 a 4500 |
| 001 |
vtls000800328 |
| 003 |
SK-MaSNL |
| 005 |
20260303195924.0 |
| 008 |
140507c2002 xo 0 slo |
| 015 |
|
|
|a SNBRB2002/07-22667
|
| 035 |
|
|
|a CLN000151983
|
| 040 |
|
|
|a SNKBUCL
|b slo
|c SNKBUCL
|e AACR2
|
| 041 |
0 |
|
|a slo
|
| 044 |
|
|
|a xo
|c SK
|
| 080 |
|
|
|a 7.096
|2 1997
|
| 100 |
1 |
|
|a Kočík, Tibor,
|d 1952-
|4 aut
|9 226335
|
| 245 |
1 |
0 |
|a Ponor bez ponoru
|c Tibor Kočík
|
| 600 |
1 |
7 |
|a Záleta, Milan,
|d 1948-2002
|t Budík za nič nemôže
|2 snkbucl
|9 1229510
|
| 610 |
2 |
7 |
|a Slovenský rozhlas.
|b Štúdio Košice
|2 snkbucl
|9 232326
|
| 650 |
0 |
7 |
|a rozhlasové hry
|2 snkbucl
|9 2914
|
| 651 |
|
7 |
|a Košice (Slovensko)
|2 snkbucl
|9 18694
|
| 655 |
|
7 |
|a recenzie
|2 snkbucl
|9 21907
|
| 655 |
|
7 |
|a články z novín a časopisov
|2 snkbucl
|9 267496
|
| 773 |
0 |
|
|t Kultúrny život
|g Roč. 3, č. 27-28 (2002), s. 10
|x 1335-6976
|
| 850 |
|
|
|a Slovenská národná knižnica v Martine
|
| 852 |
|
|
|a SNK
|b KIS3GCP
|
| 992 |
|
|
|a RBX
|
| 999 |
|
|
|c 2165521
|d 2167451
|